000 00586nam a22002057a 4500
005 20240322112954.0
008 240322b |||||||| |||| 00| 0 eng d
020 _a9780702029714
082 _a611
_bRYA-A
100 _aRyan Stephanie
245 _aAnatomy for Diagnostic Imaging :
_cRyan Stephanie, Michelle McNicholas, Stephen Eustace
250 _a3rd ed.
260 _aUK :
_bElsevier ;
_c2011.
300 _a337p. :
_bill ;
_c27.5 cm.
500 _ainclude index .
650 _aMedical / Anatomy
700 _aMichelle McNicholas
700 _aStephen Eustace
999 _c35439
_d35439